000 00381nam a22001337a 4500
003 OSt
005 20120302145713.0
008 090520t xxu||||| |||| 00| 0 eng d
035 _a४१३७
040 _cमराठी
100 _aगोखले, गो . सी.
_95300
245 _aज्ञानसागरातील शिंपले - ३
942 _2ddc
_cBOOK
999 _c490402
_d490399